[Event "42. Torneo Capablanca In Memoriam-Open"]
[Site "La Habana CUB"]
[Date "2007.05.19"]
[Round "2.31"]
[White "Duarte, Leonardo"]
[Black "Perez Rodriguez, Jennifer"]
[Result "1/2-1/2"]
[WhiteElo "2420"]
[BlackElo "2194"]
[PlyCount "92"]
[EventDate "2007.05.18"]
[EventType "swiss"]
[EventRounds "9"]
[EventCountry "CUB"]
[Source "lmi"]
[SourceDate "2007.05.18"]

1. d4 d5 2. Nf3 Nf6 3. Bf4 Bf5 4. e3 e6 5. Ne5 h6 6. Nd2 c6 7. c3 Nbd7 8. Be2
Nxe5 9. Bxe5 Bd6 10. Nf3 Bxe5 11. Nxe5 Nd7 12. Nxd7 Qxd7 13. c4 O-O 14. O-O Qe7
15. cxd5 cxd5 16. Qb3 Rac8 17. Rfc1 Rc7 18. Rc3 Rfc8 19. Rac1 Rxc3 20. Rxc3
Rxc3 21. Qxc3 Qd7 22. a3 Qc6 23. Qxc6 bxc6 24. Ba6 Bc2 25. Kf1 Ba4 26. Ke2 Bb5+
27. Bxb5 cxb5 28. Kd3 Kf8 29. e4 dxe4+ 30. Kxe4 Ke7 31. d5 Kd6 32. dxe6 Kxe6
33. g4 Kd6 34. Kd4 Kc6 35. h4 Kd6 36. h5 g5 37. b3 a5 38. b4 a4 39. f3 f6 40.
Ke4 Ke6 41. f4 gxf4 42. Kxf4 Ke7 43. Kf5 Kf7 44. Kf4 Ke7 45. Ke3 Kd7 46. Kd3
Ke7 1/2-1/2

[Event "42. Torneo Capablanca In Memoriam-Open"]
[Site "La Habana CUB"]
[Date "2007.05.19"]
[Round "2.32"]
[White "Garcia Pantoja, Roberto"]
[Black "Gomez Garrido, Camilo"]
[Result "0-1"]
[WhiteElo "2230"]
[BlackElo "2413"]
[PlyCount "76"]
[EventDate "2007.05.18"]
[EventType "swiss"]
[EventRounds "9"]
[EventCountry "CUB"]
[Source "lmi"]
[SourceDate "2007.05.18"]

1. e4 c5 2. Nf3 d6 3. d4 cxd4 4. Nxd4 Nf6 5. Nc3 a6 6. Be3 e5 7. Nb3 Be6 8. Qd2
Nbd7 9. f3 b5 10. a4 b4 11. Nd5 Bxd5 12. exd5 Nb6 13. Bxb6 Qxb6 14. a5 Qb7 15.
Bc4 g6 16. Ra4 Rb8 17. O-O h5 18. Rd1 Bh6 19. Qe2 O-O 20. Bxa6 Qa7+ 21. Kh1 e4
22. fxe4 Rfe8 23. Bd3 Ng4 24. Rf1 f5 25. h3 Ne3 26. exf5 Ng4 27. Qf3 Re3 28.
Qd1 Qe7 29. f6 Nxf6 30. Ra1 Ng4 31. Bxg6 Qh4 32. Bf7+ Kh7 33. Rf3 Rf8 34. Nd4
Nf2+ 35. Rxf2 Qxf2 36. Bxh5 Rg3 37. Qe2 Qxd4 38. a6 Rg7 0-1

[Event "42. Torneo Capablanca In Memoriam-Open"]
[Site "La Habana CUB"]
[Date "2007.05.19"]
[Round "2.33"]
[White "Vigoa Apecheche, Yanira"]
[Black "Ortiz Suarez, Isam"]
[Result "1/2-1/2"]
[WhiteElo "2217"]
[BlackElo "2387"]
[PlyCount "78"]
[EventDate "2007.05.18"]
[EventType "swiss"]
[EventRounds "9"]
[EventCountry "CUB"]
[Source "lmi"]
[SourceDate "2007.05.18"]

1. d4 Nf6 2. Nf3 e6 3. e3 b6 4. Bd3 Bb7 5. Nbd2 c5 6. O-O Be7 7. c3 O-O 8. Qe2
Nc6 9. a3 d5 10. e4 dxe4 11. Nxe4 cxd4 12. Rd1 Qc7 13. cxd4 Rad8 14. Bg5 Nd5
15. Rac1 Nf4 16. Qc2 Nxd3 17. Qxd3 h6 18. Bxe7 Qxe7 19. Qe3 Rd5 20. Nc3 Rd7 21.
d5 exd5 22. Nxd5 Qd8 23. Nc3 Re8 24. Qf4 Na5 25. h3 Bxf3 26. Qxf3 Nc4 27. Qg4
Nd2 28. Re1 Nb3 29. Rxe8+ Qxe8 30. Rd1 Re7 31. Kh2 Re6 32. Nd5 Rg6 33. Qc8 Qxc8
34. Ne7+ Kh7 35. Nxc8 a6 36. Rd3 Nc5 37. Rf3 Rc6 38. Ne7 Rc7 39. Nd5 Rb7
1/2-1/2

[Event "42. Torneo Capablanca In Memoriam-Open"]
[Site "La Habana CUB"]
[Date "2007.05.19"]
[Round "2.34"]
[White "Corrales Jimenez, Zenia"]
[Black "Otero, Diasmany"]
[Result "0-1"]
[WhiteElo "2185"]
[BlackElo "2366"]
[PlyCount "120"]
[EventDate "2007.05.18"]
[EventType "swiss"]
[EventRounds "9"]
[EventCountry "CUB"]
[Source "lmi"]
[SourceDate "2007.05.18"]

1. e4 c5 2. Nf3 e6 3. d4 cxd4 4. Nxd4 Nf6 5. Nc3 Bb4 6. Bd3 Nc6 7. Nb3 d5 8.
exd5 Nxd5 9. Bd2 Nxc3 10. bxc3 Be7 11. O-O O-O 12. f4 g6 13. Qf3 Qc7 14. Kh1 b6
15. Nd4 Bb7 16. Be4 Rac8 17. Be3 Bf6 18. Nb3 Qb8 19. Rad1 Rfd8 20. Rxd8+ Nxd8
21. Bxb7 Qxb7 22. Qg3 Qd7 23. a4 a6 24. Bd4 Bxd4 25. Nxd4 Nc6 26. Nf3 Ne7 27.
Qg5 Nf5 28. Ne5 Qe7 29. Qxe7 Nxe7 30. c4 f6 31. Nd7 Rxc4 32. Nxf6+ Kg7 33. Nd7
Nd5 34. Rc1 b5 35. axb5 axb5 36. g3 b4 37. Ne5 Rc3 38. Rb1 Rxc2 39. Nd3 Rc4 40.
Kg2 Kf6 41. Kf2 Rd4 42. Rb3 g5 43. fxg5+ Kxg5 44. Nc5 Kf5 45. h3 Rc4 46. g4+
Ke5 47. Nd3+ Kd4 48. Ne1 Rc3 49. Nf3+ Ke4 50. Ng5+ Kf4 51. Nxe6+ Ke5 52. Rxc3
Nxc3 53. Nc5 Ne4+ 54. Nxe4 Kxe4 55. Ke2 Kf4 56. Kd3 Kg3 57. Kc4 Kxh3 58. g5 Kg4
59. Kxb4 Kxg5 60. Kc4 Kf4 0-1

[Event "42. Torneo Capablanca In Memoriam-Open"]
[Site "La Habana CUB"]
[Date "2007.05.19"]
[Round "2.35"]
[White "Alonso Moyano, Jonathan"]
[Black "Frometa Castillo, Zirka"]
[Result "1-0"]
[WhiteElo "2365"]
[BlackElo "2164"]
[PlyCount "103"]
[EventDate "2007.05.18"]
[EventType "swiss"]
[EventRounds "9"]
[EventCountry "CUB"]
[Source "lmi"]
[SourceDate "2007.05.18"]

1. e4 c6 2. d4 d5 3. e5 Bf5 4. Nf3 e6 5. Be2 h6 6. O-O Ne7 7. b3 Nd7 8. c4 g5
9. Nc3 dxc4 10. bxc4 Ng6 11. Ne1 Bb4 12. Bb2 Nf4 13. g3 Bh3 14. gxf4 gxf4 15.
Kh1 Rg8 16. Qd3 Qh4 17. Bf3 O-O-O 18. Qe2 Bxf1 19. Qxf1 f6 20. Nd3 Bxc3 21.
Bxc3 fxe5 22. dxe5 Nb6 23. Nc5 Qe7 24. Ne4 Kb8 25. a4 Rg7 26. a5 Nc8 27. Qe2
Qh4 28. Nf6 Ne7 29. Rb1 Nf5 30. Bxc6 f3 31. Bxf3 Nd4 32. Bxd4 Qxd4 33. a6 b6
34. c5 Rc7 35. Qe4 Qxe4 36. Nxe4 Rd3 37. Be2 Rd4 38. f3 Rd5 39. cxb6 axb6 40.
Rxb6+ Ka7 41. Rxe6 Rc2 42. Ng3 h5 43. h4 Rd4 44. Kg2 Rxh4 45. Rh6 Ra4 46. Kh3
Raa2 47. Rxh5 Rxe2 48. Nxe2 Rxe2 49. f4 Kxa6 50. Rh6+ Kb7 51. Rd6 Kc7 52. Kg4
1-0

[Event "42. Torneo Capablanca In Memoriam-Open"]
[Site "La Habana CUB"]
[Date "2007.05.19"]
[Round "2.36"]
[White "Sariego, Wilfredo"]
[Black "Altamirano Gonzalez, Yehudi"]
[Result "1-0"]
[WhiteElo "2328"]
[BlackElo "2138"]
[PlyCount "67"]
[EventDate "2007.05.18"]
[EventType "swiss"]
[EventRounds "9"]
[EventCountry "CUB"]
[Source "lmi"]
[SourceDate "2007.05.18"]

1. e4 c5 2. d4 cxd4 3. c3 Nf6 4. e5 Nd5 5. Nf3 d6 6. cxd4 Nc6 7. Bc4 Nb6 8. Bb5
dxe5 9. Nxe5 Bd7 10. Bxc6 Bxc6 11. Nxc6 bxc6 12. O-O e6 13. Nc3 Be7 14. Qf3 Nd5
15. Ne4 O-O 16. Rd1 Rb8 17. b3 h6 18. Bb2 Qa5 19. Rdc1 Rb6 20. Rc4 Qa6 21. Nc5
Qc8 22. Nd3 Bf6 23. Ne5 Qb7 24. Ba3 Rd8 25. Bc5 Rb5 26. Rac1 a5 27. g3 Nb4 28.
a4 Rxc5 29. Rxc5 Rxd4 30. Nxc6 Rd2 31. Qe4 g6 32. Qe3 Rd3 33. Qxh6 Bg7 34. Qh4
1-0

[Event "42. Torneo Capablanca In Memoriam-Open"]
[Site "La Habana CUB"]
[Date "2007.05.19"]
[Round "2.37"]
[White "Fleitas Marti, Yuleikis"]
[Black "Ibarra Chami, Luis"]
[Result "1/2-1/2"]
[WhiteElo "2165"]
[BlackElo "2325"]
[PlyCount "58"]
[EventDate "2007.05.18"]
[EventType "swiss"]
[EventRounds "9"]
[EventCountry "CUB"]
[Source "lmi"]
[SourceDate "2007.05.18"]

1. e4 c5 2. Nf3 Nc6 3. d4 cxd4 4. Nxd4 Nf6 5. Nc3 e5 6. Ndb5 d6 7. Bg5 a6 8.
Na3 b5 9. Nd5 Be7 10. Bxf6 Bxf6 11. c4 b4 12. Nc2 Rb8 13. b3 O-O 14. Be2 Bg5
15. Bg4 Be6 16. O-O g6 17. Bxe6 fxe6 18. Nde3 Nd4 19. Qd3 Bf4 20. Nxd4 exd4 21.
Nc2 e5 22. a3 bxa3 23. Rxa3 a5 24. Rfa1 Qb6 25. Ne1 Rfc8 26. Qh3 Bd2 27. Qe6+
Kg7 28. Qe7+ Kg8 29. Qe6+ Kg7 1/2-1/2

[Event "42. Torneo Capablanca In Memoriam-Open"]
[Site "La Habana CUB"]
[Date "2007.05.19"]
[Round "2.38"]
[White "Ruiz, Orlen"]
[Black "Valdes, Alejandro"]
[Result "1-0"]
[WhiteElo "2321"]
[BlackElo "2121"]
[PlyCount "39"]
[EventDate "2007.05.18"]
[EventType "swiss"]
[EventRounds "9"]
[EventCountry "CUB"]
[Source "lmi"]
[SourceDate "2007.05.18"]

1. e4 e6 2. d4 d5 3. Nc3 Nf6 4. Bg5 Be7 5. e5 Nfd7 6. Bxe7 Qxe7 7. f4 a6 8. Nf3
c5 9. Bd3 Nc6 10. dxc5 Qxc5 11. Qd2 b5 12. h4 Nb6 13. b3 h5 14. Ne2 g6 15. Nh2
Bb7 16. Nf3 Rc8 17. c3 b4 18. Rc1 Ke7 19. Nfd4 Nxd4 20. cxb4 1-0

[Event "42. Torneo Capablanca In Memoriam-Open"]
[Site "La Habana CUB"]
[Date "2007.05.19"]
[Round "2.39"]
[White "Quezada Perez, Yasser"]
[Black "Hevia, Alejano Carlos A"]
[Result "1/2-1/2"]
[WhiteElo "2155"]
[BlackElo "2315"]
[PlyCount "145"]
[EventDate "2007.05.18"]
[EventType "swiss"]
[EventRounds "9"]
[EventCountry "CUB"]
[Source "lmi"]
[SourceDate "2007.05.18"]

1. e4 e6 2. d4 d5 3. Nd2 c5 4. exd5 Qxd5 5. Ngf3 cxd4 6. Bc4 Qd6 7. O-O Nf6 8.
Re1 Nc6 9. Ne4 Qb4 10. b3 Bd7 11. Nfg5 h6 12. Nxf6+ gxf6 13. Ne4 O-O-O 14. a4
f5 15. Ba3 Qb6 16. Nd6+ Bxd6 17. Bxd6 Rhg8 18. Bf1 Rg6 19. Qd2 a5 20. g3 Nb4
21. Be7 Re8 22. Bxb4 Qxb4 23. c3 dxc3 24. Rac1 Bc6 25. Rxc3 Rd8 26. Qc2 Kb8 27.
Bd3 Qd4 28. Rxc6 bxc6 29. Qxc6 e5 30. Qb5+ Rb6 31. Qxa5 Rxb3 32. Bc4 Rb2 33.
Qxe5+ Qxe5 34. Rxe5 f4 35. Rf5 Rd4 36. Bb5 Kc7 37. Rxf7+ Kd6 38. Kg2 Ke5 39.
Rf8 Ra2 40. Re8+ Kf6 41. Rf8+ Ke5 42. Bc6 Rc4 43. Bd7 Rd4 44. Rf5+ Kd6 45. Bb5
Ke6 46. Rh5 Ke7 47. Rf5 Ke6 48. Rc5 Ke7 49. Rf5 Ke6 50. g4 Ke7 51. h4 Ke6 52.
a5 f3+ 53. Kg3 Ra1 54. a6 Rg1+ 55. Kxf3 Rgxg4 56. Rf8 Rg7 57. Ra8 Rxh4 58. a7
Rh3+ 59. Ke2 Re7 60. f3 Rh1 61. Bc4+ Ke5 62. Kf2 Rd1 63. Rh8 Rxa7 64. Rxh6 Rc7
65. Re6+ Kf5 66. Re4 Rc1 67. Bd3 Kf6 68. Ke2 Re7 69. Kd2 Rxe4 70. fxe4 Rh1 71.
Kc2 Ke5 72. Kb2 Kd4 73. Bb1 1/2-1/2

[Event "42. Torneo Capablanca In Memoriam-Open"]
[Site "La Habana CUB"]
[Date "2007.05.19"]
[Round "2.40"]
[White "Jimenez, Pedro A"]
[Black "Infante, Brian"]
[Result "1-0"]
[WhiteElo "2292"]
[BlackElo "2114"]
[PlyCount "77"]
[EventDate "2007.05.18"]
[EventType "swiss"]
[EventRounds "9"]
[EventCountry "CUB"]
[Source "lmi"]
[SourceDate "2007.05.18"]

1. e4 e5 2. Nf3 Nc6 3. d4 exd4 4. Nxd4 Nf6 5. Nxc6 bxc6 6. e5 Qe7 7. Qe2 Nd5 8.
c4 Nb6 9. Nc3 a5 10. Qe4 Qe6 11. Bd3 Ba6 12. b3 Bb4 13. Bd2 d5 14. exd6 cxd6
15. O-O-O Qxe4 16. Bxe4 Rc8 17. Bf5 Rd8 18. Rhe1+ Kf8 19. Ne4 Bxd2+ 20. Rxd2 d5
21. c5 Nc8 22. Bxc8 Bxc8 23. Nd6 Be6 24. Rd4 Ra8 25. Rf4 g5 26. Ra4 Kg7 27. Kb2
Rhb8 28. Re3 Rb4 29. Ka3 Ra7 30. Re2 Rxa4+ 31. Kxa4 h6 32. f3 Kf6 33. g3 Kg6
34. Re3 Kf6 35. f4 gxf4 36. gxf4 Bf5 37. Ne8+ Kg6 38. Rg3+ Kh7 39. Nf6+ 1-0

[Event "42. Torneo Capablanca In Memoriam-Open"]
[Site "La Habana CUB"]
[Date "2007.05.19"]
[Round "2.41"]
[White "Moya Hernandez, Yuleisys"]
[Black "Marrero Lopez, Yaniet"]
[Result "0-1"]
[WhiteElo "2115"]
[BlackElo "2290"]
[PlyCount "60"]
[EventDate "2007.05.18"]
[EventType "swiss"]
[EventRounds "9"]
[EventCountry "CUB"]
[Source "lmi"]
[SourceDate "2007.05.18"]

1. d4 d5 2. c4 c6 3. e3 Nf6 4. Bd3 e6 5. Nd2 Nbd7 6. Ngf3 Bd6 7. b3 e5 8. dxe5
Nxe5 9. Nxe5 Bxe5 10. Rb1 O-O 11. Bb2 Bxb2 12. Rxb2 d4 13. Nf1 Re8 14. Re2 Qa5+
15. Qd2 Qg5 16. f3 dxe3 17. Nxe3 Qh4+ 18. g3 Qh3 19. Qc2 Bd7 20. Bf5 Bxf5 21.
Qxf5 Qh6 22. Kf2 Re6 23. Qd3 Rae8 24. h4 g5 25. Ree1 g4 26. f4 Ne4+ 27. Kg2 Rd6
28. Nf5 Rxd3 29. Nxh6+ Kg7 30. Nxg4 Rxg3+ 0-1

[Event "42. Torneo Capablanca In Memoriam-Open"]
[Site "La Habana CUB"]
[Date "2007.05.19"]
[Round "2.42"]
[White "Larduet Despaigne, Carlos"]
[Black "Beltre, Pedro"]
[Result "1-0"]
[WhiteElo "2286"]
[BlackElo "1966"]
[PlyCount "65"]
[EventDate "2007.05.18"]
[EventType "swiss"]
[EventRounds "9"]
[EventCountry "CUB"]
[Source "lmi"]
[SourceDate "2007.05.18"]

1. d4 c5 2. d5 e6 3. Nc3 a6 4. Nf3 d6 5. a4 Nf6 6. e4 e5 7. Nd2 Be7 8. Nc4 Nbd7
9. Be2 O-O 10. O-O Nb6 11. Ne3 g6 12. a5 Nbd7 13. Nc4 b5 14. axb6 Nxb6 15. Na5
Bd7 16. Bh6 Re8 17. Qd2 Qc7 18. b3 Ng4 19. Bg5 Nf6 20. Ra2 Na4 21. Rxa4 Bxa4
22. Bxf6 Qxa5 23. Bxe7 Rxe7 24. bxa4 Rb7 25. h4 Rb4 26. h5 Rxa4 27. Rb1 Rb4 28.
Rf1 Rb2 29. h6 f6 30. Bd1 Rab8 31. Qe3 g5 32. Qh3 Re8 33. Qd7 1-0

[Event "42. Torneo Capablanca In Memoriam-Open"]
[Site "La Habana CUB"]
[Date "2007.05.20"]
[Round "3.1"]
[White "Horvath, Csaba"]
[Black "Pozo Vera, Sandro"]
[Result "1/2-1/2"]
[WhiteElo "2538"]
[BlackElo "2448"]
[PlyCount "31"]
[EventDate "2007.05.18"]
[EventType "swiss"]
[EventRounds "9"]
[EventCountry "CUB"]
[Source "lmi"]
[SourceDate "2007.05.18"]

1. d4 d5 2. c4 c6 3. Nc3 Nf6 4. e3 a6 5. Bd3 g6 6. Nf3 Bg7 7. O-O O-O 8. b3 Bg4
9. h3 Bxf3 10. Qxf3 e5 11. dxe5 Nfd7 12. cxd5 Nxe5 13. Qd1 Qa5 14. Bb2 cxd5 15.
Be2 Nec6 16. Na4 1/2-1/2

[Event "42. Torneo Capablanca In Memoriam-Open"]
[Site "La Habana CUB"]
[Date "2007.05.20"]
[Round "3.2"]
[White "De La Paz Perdomo, Frank"]
[Black "Barrientos, Sergio"]
[Result "1-0"]
[WhiteElo "2474"]
[BlackElo "2428"]
[PlyCount "71"]
[EventDate "2007.05.18"]
[EventType "swiss"]
[EventRounds "9"]
[EventCountry "CUB"]
[Source "lmi"]
[SourceDate "2007.05.18"]

1. e4 c5 2. Nf3 Nc6 3. Bb5 d6 4. O-O Bd7 5. c3 Nf6 6. Re1 a6 7. Ba4 b5 8. Bc2
Bg4 9. d3 e6 10. Nbd2 d5 11. h3 Bh5 12. a4 Rb8 13. axb5 axb5 14. g4 Bg6 15. c4
dxc4 16. dxc4 Be7 17. cxb5 Nb4 18. Ne5 O-O 19. Ba4 Qc7 20. Ndc4 Rbd8 21. Qe2
Bxe4 22. g5 Bf5 23. gxf6 gxf6 24. b6 Qc8 25. Bh6 fxe5 26. Qxe5 f6 27. Qg3+ Bg6
28. Qc7 Rf7 29. Qxc8 Rxc8 30. Bd7 Rb8 31. Bxe6 Nc2 32. Bf4 Re8 33. b7 Nxe1 34.
Ra8 Nf3+ 35. Kg2 Rxa8 36. bxa8=Q+ 1-0

[Event "42. Torneo Capablanca In Memoriam-Open"]
[Site "La Habana CUB"]
[Date "2007.05.20"]
[Round "3.3"]
[White "Mateo, Ramon"]
[Black "Gongora Reyes, Maikel"]
[Result "1-0"]
[WhiteElo "2448"]
[BlackElo "2422"]
[PlyCount "59"]
[EventDate "2007.05.18"]
[EventType "swiss"]
[EventRounds "9"]
[EventCountry "CUB"]
[Source "lmi"]
[SourceDate "2007.05.18"]

1. d4 d5 2. c4 c6 3. Qc2 Nf6 4. Nf3 g6 5. cxd5 cxd5 6. Bg5 Bg7 7. Nc3 O-O 8. e3
Nc6 9. Be2 a6 10. O-O h6 11. Bh4 b6 12. Ne5 Na7 13. Rfc1 Bb7 14. Qb3 Rc8 15.
Na4 Rxc1+ 16. Rxc1 Nc8 17. Nc5 Qc7 18. Ncd3 Qd6 19. Qc2 Ne8 20. Bg3 Qd8 21. Nc6
Qd7 22. Nde5 Bxe5 23. Nxe5 Qe6 24. Bg4 f5 25. Be2 Ncd6 26. a4 Nf7 27. Nxf7 Kxf7
28. Qb3 Kg8 29. Be5 Kh7 30. Qb4 1-0

[Event "42. Torneo Capablanca In Memoriam-Open"]
[Site "La Habana CUB"]
[Date "2007.05.20"]
[Round "3.4"]
[White "Guerra Mendez, Jose Angel"]
[Black "Hernandez Carmenates, Holden"]
[Result "0-1"]
[WhiteElo "2399"]
[BlackElo "2541"]
[PlyCount "134"]
[EventDate "2007.05.18"]
[EventType "swiss"]
[EventRounds "9"]
[EventCountry "CUB"]
[Source "lmi"]
[SourceDate "2007.05.18"]

1. e4 c5 2. Nf3 Nc6 3. d4 cxd4 4. Nxd4 e6 5. Nb5 d6 6. c4 Nf6 7. N1c3 a6 8. Na3
Be7 9. Be2 O-O 10. O-O Qc7 11. Be3 b6 12. Rc1 Ne5 13. f3 Ned7 14. Qd2 Bb7 15.
Rfd1 Rac8 16. Bf1 Qb8 17. Kh1 Rfe8 18. Nab1 Ne5 19. Na4 Nfd7 20. Na3 Ba8 21. b4
Qb7 22. Qf2 d5 23. cxd5 Rxc1 24. Bxc1 exd5 25. exd5 Bxb4 26. Nc2 Bd6 27. Ne3
Nc5 28. Nf5 Bf8 29. Nxc5 Bxc5 30. Qg3 Ng6 31. Bb2 Bf8 32. h4 Qc8 33. Bd3 Bxd5
34. h5 Bxa2 35. Nh6+ Kh8 36. hxg6 fxg6 37. Ng4 b5 38. Qh4 Qe6 39. Be4 Kg8 40.
Rd8 Rxd8 41. Qxd8 Qd6 42. Qxd6 Bxd6 43. Bd3 Be6 44. Kg1 Bf5 45. Be2 Kf7 46. Kf1
h5 47. Nf2 Bd7 48. Ke1 a5 49. Kd2 Be7 50. Ne4 g5 51. Bd4 Bc6 52. Bd3 b4 53. Be3
g4 54. fxg4 hxg4 55. g3 a4 56. Kc2 Bd5 57. Nd2 b3+ 58. Kc3 Bd6 59. Bd4 Bxg3 60.
Bb5 a3 61. Nxb3 Be1+ 62. Kc2 g3 63. Nc1 g2 64. Ne2 a2 65. Kb2 Bh4 66. Nf4 Bf6
67. Bxf6 g1=Q 0-1

[Event "42. Torneo Capablanca In Memoriam-Open"]
[Site "La Habana CUB"]
[Date "2007.05.20"]
[Round "3.5"]
[White "Ortega, Mariano"]
[Black "Almeida Quintana, Omar"]
[Result "0-1"]
[WhiteElo "2417"]
[BlackElo "2488"]
[PlyCount "96"]
[EventDate "2007.05.18"]
[EventType "swiss"]
[EventRounds "9"]
[EventCountry "CUB"]
[Source "lmi"]
[SourceDate "2007.05.18"]

1. d4 Nf6 2. Nf3 g6 3. c4 Bg7 4. Nc3 O-O 5. e4 d6 6. Be2 e5 7. O-O Na6 8. Re1
c6 9. Bf1 Bg4 10. dxe5 Bxf3 11. Qxf3 dxe5 12. Be3 Qe7 13. a3 Nc5 14. b4 Nb3 15.
Rab1 Nd4 16. Bxd4 exd4 17. Na4 Rfe8 18. Bd3 Nd7 19. c5 b5 20. Nb2 a5 21. g3
axb4 22. axb4 Ra3 23. Qd1 Qe6 24. Bc2 Ne5 25. Nd3 Qc4 26. Nxe5 Bxe5 27. Bb3 Qc3
28. f4 Bg7 29. e5 d3 30. Re3 Rd8 31. h4 Kf8 32. Kh2 f6 33. Kh3 f5 34. h5 Qd4
35. Qd2 g5 36. fxg5 Qg4+ 37. Kg2 Qxg5 38. Qf2 Rxb3 39. Rxb3 d2 40. Rf3 d1=Q 41.
Rxf5+ Qxf5 42. Qxf5+ Kg8 43. Rf3 Qe2+ 44. Rf2 Qxe5 45. Qg4 h6 46. Re2 Qd5+ 47.
Kh2 Rf8 48. Qg6 Qf5 0-1

[Event "42. Torneo Capablanca In Memoriam-Open"]
[Site "La Habana CUB"]
[Date "2007.05.20"]
[Round "3.6"]
[White "Martinez, Lelys"]
[Black "Fernandez Garcia, Jose Luis"]
[Result "1/2-1/2"]
[WhiteElo "2400"]
[BlackElo "2467"]
[PlyCount "130"]
[EventDate "2007.05.18"]
[EventType "swiss"]
[EventRounds "9"]
[EventCountry "CUB"]
[Source "lmi"]
[SourceDate "2007.05.18"]

1. e4 e5 2. Nf3 Nc6 3. Bb5 a6 4. Ba4 Nf6 5. O-O Be7 6. Re1 b5 7. Bb3 d6 8. c3
O-O 9. h3 Bb7 10. d4 Nd7 11. Nbd2 Bf6 12. Nf1 Re8 13. Ng3 g6 14. Bh6 Na5 15.
Bc2 Nc4 16. b3 Ncb6 17. d5 Rc8 18. a4 bxa4 19. bxa4 c6 20. a5 Nc4 21. Qb1 Rb8
22. dxc6 Bxc6 23. Qa2 Rb2 24. Qxc4 Bb5 25. Qd5 Rxc2 26. Qb3 Bd3 27. Red1 Nc5
28. Qb4 Qa8 29. Ne1 Rb8 30. Nxc2 Bxc2 31. Qc4 Bb3 32. Qe2 Bxd1 33. Rxd1 Qc6 34.
Qf3 Nd7 35. Qd3 Bh4 36. Qxd6 Qxd6 37. Rxd6 Bxg3 38. fxg3 Nc5 39. c4 Nxe4 40.
Rxa6 Rb1+ 41. Kh2 f5 42. Be3 Re1 43. Ra8+ Kg7 44. Bb6 f4 45. gxf4 exf4 46. Re8
Kf7 47. Re5 f3 48. a6 Re2 49. Rxe4 Rxe4 50. a7 Re8 51. gxf3 Ra8 52. Kg3 Ke6 53.
Kf4 Kd6 54. Kg5 Kc6 55. c5 Kb7 56. Kh6 Rf8 57. h4 Rxf3 58. c6+ Ka8 59. c7 Rf8
60. Bc5 Rc8 61. Bd6 Kxa7 62. Kxh7 Kb7 63. Kxg6 Rg8+ 64. Kf7 Rh8 65. Bg3 Rxh4
1/2-1/2

[Event "42. Torneo Capablanca In Memoriam-Open"]
[Site "La Habana CUB"]
[Date "2007.05.20"]
[Round "3.8"]
[White "Rasmussen, Karsten"]
[Black "Iturrizaga, Eduardo"]
[Result "1/2-1/2"]
[WhiteElo "2462"]
[BlackElo "2398"]
[PlyCount "105"]
[EventDate "2007.05.18"]
[EventType "swiss"]
[EventRounds "9"]
[EventCountry "CUB"]
[Source "lmi"]
[SourceDate "2007.05.18"]

1. Nf3 Nf6 2. c4 c5 3. Nc3 e6 4. e3 Be7 5. d4 cxd4 6. exd4 d5 7. cxd5 Nxd5 8.
Bc4 O-O 9. O-O Nc6 10. Re1 a6 11. a3 b5 12. Ba2 Nxc3 13. bxc3 Bb7 14. a4 b4 15.
c4 Bf6 16. Be3 Rc8 17. Rc1 Ne7 18. Bb1 Nf5 19. Bxf5 exf5 20. Ne5 Bxe5 21. dxe5
Qxd1 22. Rexd1 b3 23. f3 Bc6 24. a5 Rfe8 25. Bd4 Red8 26. Bb2 Rxd1+ 27. Rxd1
Kf8 28. Rd6 Ke8 29. Ba3 Ba4 30. Rxa6 Rxc4 31. Rb6 Kd7 32. a6 Bc6 33. Rxb3 Ra4
34. Bf8 g6 35. Ra3 Rxa3 36. Bxa3 Bd5 37. Kf2 Kc6 38. Bc1 h5 39. Be3 Bc4 40. a7
Kb7 41. Kg3 Be6 42. Kf4 Ka8 43. Kg5 Kb7 44. h3 Ka8 45. Kf6 Kb7 46. Ke7 Ka8 47.
Bf2 Kb7 48. Kd6 Ba2 49. g4 fxg4 50. hxg4 hxg4 51. fxg4 Be6 52. Ke7 Bxg4 53.
Kxf7 1/2-1/2

[Event "42. Torneo Capablanca In Memoriam-Open"]
[Site "La Habana CUB"]
[Date "2007.05.20"]
[Round "3.9"]
[White "Leon Hoyos, Manuel"]
[Black "Diamant, Andre"]
[Result "1/2-1/2"]
[WhiteElo "2454"]
[BlackElo "2384"]
[PlyCount "70"]
[EventDate "2007.05.18"]
[EventType "swiss"]
[EventRounds "9"]
[EventCountry "CUB"]
[Source "lmi"]
[SourceDate "2007.05.18"]

1. d4 d5 2. c4 Nc6 3. Nc3 dxc4 4. Nf3 Nf6 5. Bg5 h6 6. Bh4 Bg4 7. d5 Bxf3 8.
exf3 Ne5 9. Qd4 Ng6 10. O-O-O Nxh4 11. Qxh4 g6 12. Bxc4 a6 13. Bb3 Bg7 14. Rhe1
Qd6 15. Qa4+ Nd7 16. Ne4 Qe5 17. Re2 b5 18. Qb4 O-O 19. g3 Nb6 20. f4 Qh5 21.
Rdd2 Qxh2 22. Qxe7 Rae8 23. Nf6+ Bxf6 24. Qxf6 Rxe2 25. Rxe2 Qh1+ 26. Kd2 Nc4+
27. Bxc4 bxc4 28. Qd4 Rd8 29. Kc2 c6 30. d6 Qd5 31. Qxd5 cxd5 32. Kc3 Rxd6 33.
Kd4 Kg7 34. Kc5 Rd8 35. Rd2 Rb8 1/2-1/2

[Event "42. Torneo Capablanca In Memoriam-Open"]
[Site "La Habana CUB"]
[Date "2007.05.20"]
[Round "3.10"]
[White "Needleman, Alejandro"]
[Black "Alvarez Pedraza, Aramis"]
[Result "0-1"]
[WhiteElo "2357"]
[BlackElo "2449"]
[PlyCount "60"]
[EventDate "2007.05.18"]
[EventType "swiss"]
[EventRounds "9"]
[EventCountry "CUB"]
[Source "lmi"]
[SourceDate "2007.05.18"]

1. Nf3 d5 2. d4 Nf6 3. Bf4 Bf5 4. e3 e6 5. Ne5 Bd6 6. Be2 h6 7. O-O g5 8. Bg3
Ne4 9. f4 O-O 10. Nd2 f6 11. Nd3 Nd7 12. Nxe4 Bxe4 13. c4 c6 14. Qb3 dxc4 15.
Qxc4 Bd5 16. Qc2 f5 17. b4 Nf6 18. Nc5 Rf7 19. Bc4 Bxc5 20. dxc5 Rd7 21. fxg5
hxg5 22. Be5 Ng4 23. Bb2 Qc7 24. g3 Rh7 25. Bxd5 cxd5 26. Rxf5 exf5 27. Qxf5
Nxh2 28. Qxg5+ Kf8 29. Kg2 Qf7 30. Bf6 Re8 0-1

[Event "42. Torneo Capablanca In Memoriam-Open"]
[Site "La Habana CUB"]
[Date "2007.05.20"]
[Round "3.11"]
[White "Prasca, Raphael"]
[Black "Gomez, Felix"]
[Result "1-0"]
[WhiteElo "2439"]
[BlackElo "2329"]
[PlyCount "75"]
[EventDate "2007.05.18"]
[EventType "swiss"]
[EventRounds "9"]
[EventCountry "CUB"]
[Source "lmi"]
[SourceDate "2007.05.18"]

1. e4 e5 2. Nf3 Nc6 3. d4 exd4 4. Nxd4 Bc5 5. Be3 Qf6 6. Nb5 Bxe3 7. fxe3 Qh4+
8. g3 Qd8 9. Qg4 g6 10. Qf4 d6 11. Bc4 Ne5 12. O-O Qd7 13. N1a3 a6 14. Nd4 Qe7
15. Nf3 Nxc4 16. Nxc4 Be6 17. Na5 f6 18. Nd4 O-O-O 19. Nxe6 Qxe6 20. Nb3 Re8
21. Nd2 h5 22. c4 h4 23. gxh4 Rh5 24. Rf3 Re7 25. Rg3 Reh7 26. Rxg6 Kb8 27. Qg4
Qxg4+ 28. Rxg4 Nh6 29. Rf4 Rg7+ 30. Kh1 Ng4 31. Rg1 Rxh4 32. Nf1 Rg5 33. Rg3 b5
34. cxb5 axb5 35. h3 Nxe3 36. Rxh4 Nxf1 37. Rxg5 fxg5 38. Rg4 1-0

[Event "42. Torneo Capablanca In Memoriam-Open"]
[Site "La Habana CUB"]
[Date "2007.05.20"]
[Round "3.13"]
[White "Alonso Garcia, Rene"]
[Black "Gonzalez Perez, Arian"]
[Result "1/2-1/2"]
[WhiteElo "2368"]
[BlackElo "2430"]
[PlyCount "61"]
[EventDate "2007.05.18"]
[EventType "swiss"]
[EventRounds "9"]
[EventCountry "CUB"]
[Source "lmi"]
[SourceDate "2007.05.18"]

1. d4 f5 2. g3 Nf6 3. Bg2 g6 4. c3 Bg7 5. Qb3 Nc6 6. Nh3 e6 7. Nf4 Qe7 8. h4 a5
9. a4 d5 10. Nd2 O-O 11. Nf3 Ne4 12. Nd3 b6 13. Bf4 Ba6 14. Qa3 Qxa3 15. Rxa3
Rf7 16. Nfe5 Nxe5 17. Nxe5 Bxe5 18. Bxe5 h5 19. f3 Nd6 20. b3 Re7 21. Kd2 Nf7
22. Bf6 Ree8 23. Raa1 Nd6 24. Be5 Rac8 25. Rag1 Nf7 26. g4 Nxe5 27. dxe5 hxg4
28. fxg4 Kh7 29. Bf3 Rf8 30. g5 Kg7 31. h5 1/2-1/2